[Event "Turkey IS Bank Super League 2017"]
[Site "Darica-Kocaeli"]
[Date "2017.08.05"]
[Round "12"]
[White "Uzumcu, Ahmet Utku"]
[Black "Ozen, Bahadir"]
[Result "0-1"]
[WhiteElo "2223"]
[BlackElo "2315"]
[Annotator "NA"]
[PlyCount "166"]
[EventType "team-tourn"]
[EventCountry "TUR"]
[SourceTitle "playchess.com"]
[Source "ChessBase"]
[SourceQuality "1"]
[TimeControl "40/5400+30:1800+30"]

1. e4 {[%emt 0:01:30]} g6 {[%emt 0:01:00]} 2. d4 {[%emt 0:00:00]} Bg7 {[%emt 0:00:30]} 3. Nc3 {[%emt 0:00:00]} d6 {[%emt 0:00:30]} 4. f4 {[%emt 0:01:30]} e6 {[%emt 0:01:30] B06: Modern Defence} (4... Nf6 5. Nf3 c5 6. Bb5+ Nc6 7. e5 Nd7 8. d5 Nd4 9. Nxd4 cxd4 10. Qxd4 O-O 11. Bxd7 Qxd7 12. O-O Qf5 13. Qd1 dxe5 14. fxe5 Qxe5 {0-1 (54) Wei,Y (2707)-Rapport,R (2717) Yancheng 2016}) 5. Be2 {[%emt 0:04:30]} Ne7 {[%emt 0:00:30]} 6. Nf3 {[%emt 0:01:30]} Nd7 {[%emt 0:02:30]} 7. Be3 {[%emt 0:03:30]} a6 {[%emt 0:02:30]} 8. a4 {[%emt 0:06:30]} b6 {[%emt 0:02:30]} 9. O-O {[%emt 0:01:30]} Bb7 {[%emt 0:01:30]} 10. Nd2 {[%emt 0:06:30]} O-O {[%emt 0:06:30]} 11. Bf3 {[%emt 0:02:30]} d5 {[%emt 0:13:30]} 12. e5 {[%emt 0:06:30]} Nf5 {[%emt 0:13:30]} 13. Bf2 {[%emt 0:04:30] [#]} f6 $146 {[%emt 0:03:30] [%clk 0:46]} ({Predecessor:} 13... c5 14. Ne2 Qc7 {0-1 (30) Yrjola,J (2460)-Sturua,Z (2545) Helsinki 1992}) 14. g4 {[%emt 0:11:30]} Nxd4 {[%emt 0:08:30]} 15. Bxd4 {[%emt 0:03:30]} fxe5 {[%emt 0:00:00]} 16. fxe5 {[%emt 0:01:30]} c5 {[%emt 0:01:00] [#]} 17. Bf2 $1 {[%emt 0:02:30]} Nxe5 {[%emt 0:00:30]} 18. Bg2 {[%emt 0:10:30]} Qg5 {[%emt 0:04:30]} 19. h3 {[%emt 0:08:30]} h5 {[%emt 0:04:30] [#]} 20. gxh5 $1 {[%emt 0:04:36]} Bh6 {[%emt 0:03:30]} 21. Qe2 {[%emt 0:02:20]} Rf5 {[%emt 0:01:30]} 22. Rad1 {[%emt 0:03:22]} gxh5 {[%emt 0:01:30]} 23. Kh1 {[%emt 0:01:56]} Raf8 {[%emt 0:06:30]} 24. Bg1 {[%emt 0:03:39]} Kh7 {[%emt 0:04:43]} 25. Rxf5 {[%emt 0:03:11]} Rxf5 {[%emt 0:00:01]} 26. Bh2 {[%emt 0:00:25]} Ng6 {[%emt 0:04:40]} 27. Nf3 {[%emt 0:02:06]} Qf6 {[%emt 0:00:01]} 28. Re1 {[%emt 0:00:36]} Bg7 {[%emt 0:01:22]} 29. Qxe6 {[%emt 0:01:28]} Rxf3 {[%emt 0:00:17]} 30. Qxf6 {[%emt 0:00:52]} Rxf6 {[%emt 0:00:01]} 31. Nxd5 {[%emt 0:00:54]} Rf2 {[%emt 0:10:19]} 32. Nf6+ {[%emt 0:00:30]} Bxf6 {[%emt 0:00:30]} 33. Bxb7 {[%emt 0:00:30]} Kh6 {[%emt 0:01:24]} 34. Re6 {[%emt 0:00:47]} Kg5 {[%emt 0:01:19]} 35. Be4 {[%emt 0:00:43]} Nh4 {[%emt 0:00:52]} 36. Bg3 {[%emt 0:00:30]} Rf1+ {[%emt 0:00:30]} 37. Kh2 {[%emt 0:00:30]} Bd4 {[%emt 0:00:00]} 38. Bxh4+ {[%emt 0:00:30]} Kxh4 {[%emt 0:00:10]} 39. Rg6 {[%emt 0:00:30]} Rf2+ {[%emt 0:00:17]} 40. Rg2 {[%emt 0:00:00]} Rf4 {[%emt 0:02:04]} 41. Bd3 {[%emt 0:06:05]} Bxb2 {[%emt 0:05:30]} 42. Bxa6 {[%emt 0:00:30]} Rxa4 {[%emt 0:01:30]} 43. Bc8 {[%emt 0:00:30]} Be5+ {[%emt 0:00:30]} 44. Kg1 {[%emt 0:00:30]} Ra8 {[%emt 0:01:30]} 45. Bd7 {[%emt 0:01:30]} Rd8 {[%emt 0:00:30]} 46. Bf5 {[%emt 0:01:30]} Rf8 {[%emt 0:00:30]} 47. Bd7 {[%emt 0:00:30]} Rf7 {[%emt 0:02:30]} 48. Be6 {[%emt 0:00:30]} Rf6 {[%emt 0:00:00]} 49. Bd7 {[%emt 0:00:30]} Bd4+ {[%emt 0:00:00]} 50. Kh2 {[%emt 0:00:00]} Rd6 {[%emt 0:02:30]} 51. Bf5 {[%emt 0:00:00]} Be5+ {[%emt 0:00:37]} 52. Kg1 {[%emt 0:00:30]} b5 {[%emt 0:00:54]} 53. Bc8 {[%emt 0:05:30]} Rd8 {[%emt 0:01:36]} 54. Be6 {[%emt 0:00:30]} Rd6 {[%emt 0:02:42]} 55. Bc8 {[%emt 0:00:30]} Bd4+ {[%emt 0:03:29]} 56. Kf1 {[%emt 0:00:30]} Rd8 {[%emt 0:00:07]} 57. Be6 {[%emt 0:00:30]} Rf8+ {[%emt 0:01:02]} 58. Ke1 {[%emt 0:00:30]} c4 {[%emt 0:00:44]} 59. Bd7 {[%emt 0:00:51]} b4 {[%emt 0:00:51]} 60. Be6 {[%emt 0:01:55]} Rf4 {[%emt 0:00:01]} 61. Kd1 {[%emt 0:01:55]} Bc3 {[%emt 0:00:28]} 62. Bc8 {[%emt 0:01:10]} Re4 {[%emt 0:01:01]} 63. Rg1 {[%emt 0:00:29]} Re5 {[%emt 0:01:33]} (63... Re7 $142 64. Bf5 Re5) 64. Rf1 {[%emt 0:00:58]} Kg3 {[%emt 0:00:37]} 65. Ba6 {[%emt 0:00:50]} Re4 {[%emt 0:00:29]} 66. Bb7 {[%emt 0:00:00]} Re6 {[%emt 0:02:26]} 67. Rf3+ {[%emt 0:00:28]} Kh2 {[%emt 0:00:06]} 68. Rf1 {[%emt 0:00:33]} h4 {[%emt 0:01:52]} 69. Bc8 {[%emt 0:01:02]} Re5 {[%emt 0:01:37]} 70. Ba6 {[%emt 0:00:15]} b3 {[%emt 0:01:20]} 71. cxb3 {[%emt 0:02:43]} cxb3 {[%emt 0:00:01]} 72. Bb7 {[%emt 0:01:34]} Re3 {[%emt 0:01:38]} 73. Kc1 {[%emt 0:02:47]} (73. Rh1+ $142 Kg3 74. Ba8) 73... Re2 {[%emt 0:01:44]} (73... Kxh3 $142 74. Rh1+ Kg4 75. Bc8+ Kg5) 74. Bd5 $2 {[%emt 0:00:55]} (74. Bc6) 74... Rc2+ {[%emt 0:00:20]} 75. Kb1 {[%emt 0:00:32]} Ra2 {[%emt 0:01:09]} 76. Rh1+ {[%emt 0:00:10]} Kg3 {[%emt 0:00:02]} 77. Rg1+ {[%emt 0:00:01]} Kxh3 {[%emt 0:00:35]} 78. Rh1+ {[%emt 0:00:26]} Kg4 {[%emt 0:01:05]} 79. Rg1+ {[%emt 0:00:02]} Kf4 {[%emt 0:00:00]} 80. Rf1+ {[%emt 0:00:09]} Ke5 {[%emt 0:00:09]} 81. Bxb3 {[%emt 0:00:11]} Ra1+ {[%emt 0:00:11]} 82. Kc2 {[%emt 0:00:03]} Rxf1 {[%emt 0:00:06]} 83. Kxc3 {[%emt 0:00:02]} Rf3+ {[%emt 0:00:05]} 0-1

[Event "Turkey IS Bank Super League 2017"]
[Site "Darica-Kocaeli"]
[Date "2017.08.05"]
[Round "12"]
[White "Tasdogen, Dincer"]
[Black "Kamer, Kayra"]
[Result "1/2-1/2"]
[WhiteElo "2215"]
[BlackElo "2062"]
[Annotator "NA"]
[PlyCount "111"]
[EventType "team-tourn"]
[EventCountry "TUR"]
[SourceTitle "playchess.com"]
[Source "ChessBase"]
[SourceQuality "1"]
[TimeControl "40/5400+30:1800+30"]

1. e4 {[%emt 0:00:30]} c5 {[%emt 0:01:00]} 2. Nf3 {[%emt 0:03:30]} e6 {[%emt 0:00:30]} 3. d4 {[%emt 0:00:00]} cxd4 {[%emt 0:00:00]} 4. Nxd4 {[%emt 0:00:00]} a6 {[%emt 0:00:00]} 5. Bd3 {[%emt 0:00:30]} Bc5 {[%emt 0:00:30]} 6. Nb3 {[%emt 0:00:30]} Be7 {[%emt 0:00:30]} 7. Qg4 {[%emt 0:00:00]} g6 {[%emt 0:00:30]} 8. Qe2 {[%emt 0:00:00]} Nc6 {[%emt 0:00:30] B42: Sicilian: Kan Variation: 5 Bd3} (8... d6 9. c4 Nc6 10. Nc3 Ne5 11. O-O Nf6 12. Bh6 Nfg4 13. Bg7 Rg8 14. Bxe5 Nxe5 15. f4 Nc6 16. Kh1 {½-½ (45) Bologan,V (2640)-Vitiugov,N (2726) Tallinn 2016}) 9. O-O {[%emt 0:00:00]} Qc7 {[%emt 0:00:30]} 10. f4 $146 {[%emt 0:03:00]} ({Predecessor:} 10. Kh1 d6 11. Na3 Bf6 12. Nc4 Nge7 13. Be3 b5 14. Nb6 Rb8 15. Nxc8 Rxc8 16. c4 bxc4 17. Bxc4 {1-0 (43) Borisek,J (2537)-Escobar Dominguez,D (2357) Burguillos 2008}) 10... Nf6 {[%emt 0:01:30]} 11. e5 {[%emt 0:11:30]} Nh5 {[%emt 0:00:30]} 12. N1d2 {[%emt 0:06:30]} d5 {[%emt 0:02:30]} 13. c4 {[%emt 0:16:30]} dxc4 $2 {[%emt 0:00:30]} ({Better is} 13... O-O $11) 14. Nxc4 {[%emt 0:03:30]} b5 {[%emt 0:00:30] [#]} 15. Nd6+ $1 {[%emt 0:10:30]} Bxd6 {[%emt 0:02:30]} 16. exd6 {[%emt 0:00:30]} Qxd6 {[%emt 0:00:30]} 17. Be3 {[%emt 0:01:30]} Bb7 {[%emt 0:03:30]} 18. Nc5 {[%emt 0:14:30]} Nd4 {[%emt 0:04:30]} 19. Qf2 {[%emt 0:01:30]} Qxc5 {[%emt 0:00:30]} 20. Bxd4 {[%emt 0:00:30]} Qd5 {[%emt 0:00:00] [%clk 1:20]} 21. Bxh8 {[%emt 0:07:58]} Nxf4 {[%emt 0:00:00]} 22. Qg3 {[%emt 0:08:33]} (22. Kh1 $16) 22... Nxd3 {[%emt 0:00:00]} 23. Kh1 {[%emt 0:08:07]} (23. Bf6 $11) 23... f5 $1 {[%emt 0:03:00]} 24. Rad1 {[%emt 0:01:20]} Rd8 {[%emt 0:00:30]} 25. h3 {[%emt 0:00:53]} f4 {[%emt 0:00:30]} 26. Qg4 {[%emt 0:00:30]} Nf2+ {[%emt 0:01:30]} 27. Rxf2 {[%emt 0:00:30]} Qxd1+ {[%emt 0:00:00]} 28. Qxd1 {[%emt 0:00:18]} Rxd1+ {[%emt 0:00:00]} 29. Kh2 {[%emt 0:00:00]} g5 {[%emt 0:00:30]} 30. h4 {[%emt 0:00:58]} Rd5 {[%emt 0:01:30]} 31. Bf6 {[%emt 0:00:35]} h6 {[%emt 0:00:30]} 32. Bg7 {[%emt 0:00:09]} e5 {[%emt 0:00:30]} 33. hxg5 {[%emt 0:00:30]} hxg5 {[%emt 0:00:30]} 34. Re2 {[%emt 0:00:00]} Kf7 {[%emt 0:00:30]} 35. Bxe5 {[%emt 0:00:15]} Kg6 {[%emt 0:00:30]} 36. Bc3 {[%emt 0:00:58]} Rd3 {[%emt 0:00:30]} 37. Re7 {[%emt 0:01:17]} Bd5 {[%emt 0:00:30]} 38. a3 {[%emt 0:00:25]} Kf5 $17 {[%emt 0:00:30]} (38... g4 $142 39. Re2 Kg5) 39. Re2 {[%emt 0:00:27]} Kg4 {[%emt 0:00:30]} 40. Rd2 {[%emt 0:00:00]} Be4 {[%emt 0:01:30]} 41. Rxd3 {[%emt 0:01:47]} Bxd3 {[%emt 0:00:30]} 42. Kg1 {[%emt 0:00:30]} Kf5 {[%emt 0:00:30]} 43. Kf2 {[%emt 0:00:30]} Ke4 {[%emt 0:00:30]} 44. Bf6 {[%emt 0:00:30]} g4 {[%emt 0:00:30]} 45. g3 {[%emt 0:00:00]} f3 {[%emt 0:00:30]} 46. Bc3 {[%emt 0:00:00]} Be2 {[%emt 0:00:30]} 47. Bg7 {[%emt 0:00:30]} Kd3 {[%emt 0:00:00]} 48. Bc3 {[%emt 0:00:00]} Kc2 {[%emt 0:00:00]} 49. Be5 {[%emt 0:00:00]} a5 {[%emt 0:00:30]} 50. Bc3 {[%emt 0:00:00]} b4 {[%emt 0:00:30]} 51. axb4 {[%emt 0:00:00]} a4 {[%emt 0:00:00]} 52. Bf6 {[%emt 0:00:00]} Kb3 {[%emt 0:00:00]} 53. Be5 {[%emt 0:00:00]} Kxb4 {[%emt 0:00:00]} 54. Bc3+ {[%emt 0:00:30]} Kc4 {[%emt 0:00:00]} 55. Bf6 {[%emt 0:00:30]} Kb3 {[%emt 0:00:30]} 56. Be5 {[%emt 0:00:00]} 1/2-1/2

[Event "Turkey IS Bank Super League 2017"]
[Site "Darica-Kocaeli"]
[Date "2017.08.05"]
[Round "12"]
[White "Kesgin, Halit Kaan"]
[Black "Bozbey, Ali"]
[Result "1-0"]
[WhiteElo "2207"]
[BlackElo "2139"]
[Annotator "NA"]
[PlyCount "41"]
[EventType "team-tourn"]
[EventCountry "TUR"]
[SourceTitle "playchess.com"]
[Source "ChessBase"]
[SourceQuality "1"]
[TimeControl "40/5400+30:1800+30"]

{[%evp 12,33,18,19,33,29,77,54,76,71,345,331,342,347,340,138,163,164,304,243,277,288,264,281]} 1. e4 {[%emt 0:00:30]} c5 {[%emt 0:01:00]} 2. Nf3 {[%emt 0:00:30]} e6 {[%emt 0:03:30]} 3. g3 {[%emt 0:00:30]} d5 {[%emt 0:03:30]} 4. exd5 {[%emt 0:00:30]} exd5 {[%emt 0:00:30]} 5. d4 {[%emt 0:00:00]} Nc6 {[%emt 0:01:30] B40: Sicilian: 2...e6, Unusual lines} 6. Bg2 {[%emt 0:00:00]} Bg4 {[%emt 0:11:30]} 7. O-O {[%emt 0:01:30]} Nxd4 {[%emt 0:06:30] LiveBook: 25 Games} 8. Qe1+ {[%emt 0:00:30]} Ne6 {[%emt 0:07:30]} 9. Ne5 {[%emt 0:00:00]} h5 $146 {[%emt 0:05:30]} ({Predecessor:} 9... Bf5 10. c4 Nf6 11. cxd5 Nxd5 12. Nc3 Nxc3 13. bxc3 {0-1 (31) Wang,C (2485)-Lu,S (2562) China 2013}) 10. c4 {[%emt 0:01:00]} Nf6 $2 {[%emt 0:09:30] [#]} (10... Be7 $16) 11. cxd5 $1 {[%emt 0:03:30]} Nxd5 {[%emt 0:01:30]} 12. Qe4 {[%emt 0:00:30]} Ndc7 {[%emt 0:02:30]} 13. Qxb7 {[%emt 0:08:30]} ({Not} 13. Nxg4 hxg4 14. Re1 (14. Qxb7 Be7 $16) (14. Qxg4 Qd4 $16) 14... Be7 $16) ({But not} 13. f3 Bd6) (13. Qa4+ $18 b5 14. Bc6+ Ke7 15. Qe4) 13... Be7 {[%emt 0:02:30]} 14. Nc3 {[%emt 0:10:30]} O-O $2 {[%emt 0:09:30] [%clk 0:31]} (14... Bf6 $16) 15. h3 {[%emt 0:18:30]} Bf5 {[%emt 0:03:30]} 16. Nc6 $1 {[%emt 0:00:30]} Qe8 {[%emt 0:00:30]} 17. Bf4 $18 {[%emt 0:01:30]} Rc8 {[%emt 0:06:30]} 18. Qxc8 {[%emt 0:00:30]} Qxc8 {[%emt 0:03:56]} 19. Nxe7+ {[%emt 0:00:00]} Kh8 {[%emt 0:00:17]} 20. Nxc8 {[%emt 0:00:00]} Nxf4 {[%emt 0:00:08]} 21. Nd6 {[%emt 0:00:30]} 1-0

[Event "Turkey IS Bank Super League 2017"]
[Site "Darica-Kocaeli"]
[Date "2017.08.05"]
[Round "12"]
[White "Sevgi, Volkan"]
[Black "Bayyurt, Izge"]
[Result "1-0"]
[WhiteElo "2199"]
[BlackElo "1839"]
[Annotator "NA"]
[PlyCount "99"]
[EventType "team-tourn"]
[EventCountry "TUR"]
[SourceTitle "playchess.com"]
[Source "ChessBase"]
[SourceQuality "1"]
[TimeControl "40/5400+30:1800+30"]

1. Nf3 {[%emt 0:00:30]} d5 {[%emt 0:02:00]} 2. g3 {[%emt 0:00:30]} Nf6 {[%emt 0:00:30]} 3. Bg2 {[%emt 0:00:30]} c5 {[%emt 0:02:30]} 4. d3 {[%emt 0:01:30]} Nc6 {[%emt 0:00:30]} 5. Nbd2 {[%emt 0:00:30]} e6 {[%emt 0:01:30]} 6. e4 {[%emt 0:01:30]} Be7 {[%emt 0:01:30]} 7. O-O {[%emt 0:00:30]} O-O {[%emt 0:00:30]} 8. Qe2 {[%emt 0:01:30]} b6 {[%emt 0:01:30]} 9. e5 {[%emt 0:00:30]} Nd7 {[%emt 0:01:30]} 10. Re1 {[%emt 0:00:30]} Qc7 {[%emt 0:00:30]} 11. Nf1 {[%emt 0:00:30]} Ba6 {[%emt 0:02:30]} 12. Bf4 {[%emt 0:01:30]} Qb7 $146 {[%emt 0:03:30] C00: French: Unusual White 2nd moves} ({Predecessor:} 12... Rac8 13. c3 b5 14. h4 c4 15. d4 b4 16. h5 bxc3 17. bxc3 Rb8 18. h6 g6 19. N1h2 Qa5 20. Qe3 Rb2 21. Ng4 Rfb8 {1-0 (51) Annaberdiyev,B (2234)-Ertan,C (2238) Kocaeli 2015}) 13. c4 {[%emt 0:04:30]} dxc4 {[%emt 0:06:30]} 14. dxc4 {[%emt 0:01:30]} b5 {[%emt 0:02:30]} 15. Qe4 {[%emt 0:06:30]} (15. Bg5 $5 {[%cal Rg5e7]} Bd8 16. Qe4 $11) 15... Rfc8 {[%emt 0:06:30]} 16. b3 {[%emt 0:07:30]} Rab8 {[%emt 0:06:30]} 17. Bg5 {[%emt 0:05:30]} Nb6 {[%emt 0:01:30] [#]} (17... bxc4 $11 18. Ne3 cxb3 19. axb3 Bf8) 18. Ne3 {[%emt 0:04:30]} (18. Qg4 $1 $16) 18... h6 {[%emt 0:07:30] [#]} (18... Bf8 $11) 19. Bxe7 {[%emt 0:05:30]} (19. Bxh6 $1 $16 gxh6 20. Ng4) 19... Qxe7 {[%emt 0:00:00]} 20. Bf1 {[%emt 0:04:30] [%clk 0:50]} Bb7 {[%emt 0:07:00]} 21. Bd3 {[%emt 0:01:30]} g6 {[%emt 0:02:30]} 22. Qf4 {[%emt 0:00:00]} Nb4 {[%emt 0:06:30]} 23. Bb1 {[%emt 0:03:00]} Bxf3 {[%emt 0:01:30]} 24. Qxf3 {[%emt 0:00:00]} bxc4 {[%emt 0:00:00]} 25. bxc4 {[%emt 0:04:00]} Nc6 {[%emt 0:06:00]} 26. Ng4 {[%emt 0:01:30]} Kg7 {[%emt 0:00:30]} 27. Be4 {[%emt 0:05:30]} h5 {[%emt 0:03:30]} 28. Qf6+ {[%emt 0:02:30]} Qxf6 {[%emt 0:01:30]} 29. exf6+ {[%emt 0:00:30]} Kf8 {[%emt 0:00:30]} 30. Bxc6 {[%emt 0:00:30]} Rxc6 {[%emt 0:02:30]} 31. Ne5 {[%emt 0:00:00]} Rd6 $16 {[%emt 0:00:30]} 32. Rab1 {[%emt 0:01:00]} Rc8 {[%emt 0:03:30]} 33. Rb5 {[%emt 0:00:30]} Rd4 {[%emt 0:02:10]} 34. Reb1 {[%emt 0:00:30]} Ke8 {[%emt 0:08:23]} 35. a4 {[%emt 0:01:30]} Nd7 {[%emt 0:00:24]} 36. f4 {[%emt 0:04:30]} Nxe5 {[%emt 0:02:50]} 37. fxe5 {[%emt 0:00:30]} Rc7 {[%emt 0:00:00]} 38. Rb8+ {[%emt 0:05:30]} Kd7 {[%emt 0:00:21]} 39. R1b7 {[%emt 0:00:30]} Kc6 {[%emt 0:00:44]} 40. Rxc7+ {[%emt 0:00:30]} Kxc7 {[%emt 0:00:08]} 41. Re8 {[%emt 0:00:30]} Rxc4 {[%emt 0:15:30]} 42. Re7+ {[%emt 0:00:30]} Kb6 {[%emt 0:00:30]} 43. a5+ {[%emt 0:03:30]} Ka6 {[%emt 0:03:30]} 44. Rxf7 {[%emt 0:00:30]} Re4 {[%emt 0:00:30]} 45. Rd7 {[%emt 0:00:30]} Rxe5 {[%emt 0:00:30]} 46. Rd1 {[%emt 0:00:00]} Rf5 {[%emt 0:03:26]} 47. Rf1 {[%emt 0:00:00]} Rxf6 {[%emt 0:00:30]} 48. Rxf6 {[%emt 0:00:30]} Kxa5 {[%emt 0:00:00]} 49. Rxe6 {[%emt 0:00:00]} c4 {[%emt 0:01:24]} 50. Kf2 {[%emt 0:00:00]} 1-0

[Event "Turkey IS Bank Super League 2017"]
[Site "Darica-Kocaeli"]
[Date "2017.08.05"]
[Round "12"]
[White "Dolgun, Can"]
[Black "Tanriverdi, Enes"]
[Result "1-0"]
[WhiteElo "2104"]
[BlackElo "2247"]
[Annotator "NA"]
[PlyCount "65"]
[EventType "team-tourn"]
[EventCountry "TUR"]
[SourceTitle "playchess.com"]
[Source "ChessBase"]
[SourceQuality "1"]
[TimeControl "40/5400+30:1800+30"]

{[%evp 15,65,14,7,12,16,7,64,22,68,46,81,76,120,95,129,70,32767,32767,32767,32767,32767,48,119,45,53,51,45,32767,32767,39,164,165,32767,32767,32767,32767,188,32767,32767,239,245,240,260,262,264,263,262,333,349,32767,32767,377]} 1. e4 {[%emt 0:01:30]} c5 {[%emt 0:01:00]} 2. Nc3 {[%emt 0:00:00]} Nc6 {[%emt 0:00:30]} 3. Bb5 {[%emt 0:00:00]} g6 {[%emt 0:01:30]} 4. Bxc6 {[%emt 0:00:00]} bxc6 {[%emt 0:00:30]} 5. d3 {[%emt 0:00:00]} Bg7 {[%emt 0:00:30]} 6. Bd2 {[%emt 0:00:30] B23: Closed Sicilian: Lines without g3} (6. f4 d6 7. Nf3 Nh6 8. O-O O-O 9. Kh1 f6 10. Qe1 Nf7 11. Bd2 e5 12. fxe5 fxe5 13. Qg3 Be6 14. b3 Qd7 15. Rf2 Bg4 16. Nh4 Nh8 {1-0 (54) Antoniewski,R (2607)-Maze,S (2564) Marrakesh 2010}) 6... d6 {[%emt 0:03:30]} 7. Nge2 {[%emt 0:01:30]} e5 {[%emt 0:05:30]} 8. O-O $146 {[%emt 0:07:30]} ({Predecessor:} 8. h4 h5 9. Bg5 f6 10. Bd2 Nh6 11. Qc1 Nf7 12. Nd1 f5 13. c4 Bf6 {0-1 (54) Lundin,J (2264)-Kololli,K (2161) Germany 2015}) 8... Ne7 {[%emt 0:01:30]} 9. f4 {[%emt 0:01:30]} exf4 {[%emt 0:00:30]} 10. Bxf4 {[%emt 0:02:30]} O-O {[%emt 0:01:30]} 11. Qd2 {[%emt 0:02:30]} Rb8 {[%emt 0:05:30]} 12. b3 {[%emt 0:01:30]} Re8 {[%emt 0:02:30]} 13. Rae1 {[%emt 0:09:30]} f5 {[%emt 0:03:30]} (13... Be6 $14) 14. Ng3 {[%emt 0:04:30]} Qa5 {[%emt 0:21:30] [#]} 15. Nd5 {[%emt 0:10:30]} ({White should try} 15. Nb1 $1 $16 Qd8 16. Na3) 15... Qxd2 {[%emt 0:00:30]} 16. Nxe7+ {[%emt 0:00:30]} Rxe7 {[%emt 0:00:30]} 17. Bxd2 {[%emt 0:00:00]} fxe4 {[%emt 0:04:30] [%clk 0:43] [#]} 18. Nxe4 {[%emt 0:03:00]} (18. Bf4 $1 $16 {[%cal Rf4d6]} Bd4+ 19. Kh1) 18... Bd4+ {[%emt 0:01:30] [#]} ({Black should try} 18... d5 $1 $14 19. Nf6+ Bxf6 20. Rxf6 Rxe1+ 21. Bxe1 Bd7) 19. Kh1 {[%emt 0:06:30]} (19. Be3 $1 $16 {[%cal Re3d4]} Bxe3+ 20. Rxe3) 19... d5 {[%emt 0:00:30]} 20. Bf4 {[%emt 0:06:30]} Ra8 $1 {[%emt 0:06:30]} 21. Bd6 {[%emt 0:09:30]} Re6 {[%emt 0:00:30]} 22. Bxc5 {[%emt 0:02:30]} Rxe4 {[%emt 0:01:30] [#]} ({Better is} 22... dxe4 $14 23. Bxd4 exd3) 23. Bxd4 $1 {[%emt 0:03:30]} Rxd4 {[%emt 0:01:30]} 24. Re8+ {[%emt 0:00:30]} Kg7 {[%emt 0:00:30]} 25. Rff8 {[%emt 0:00:00]} a5 {[%emt 0:02:30]} 26. Rxc8 {[%emt 0:01:00]} Ra7 {[%emt 0:00:00]} 27. Rf1 {[%emt 0:04:30]} a4 {[%emt 0:01:00]} 28. Rxc6 {[%emt 0:01:30]} axb3 {[%emt 0:00:00]} 29. axb3 {[%emt 0:00:30]} Rf4 {[%emt 0:00:00]} 30. Kg1 {[%emt 0:00:30]} Rxf1+ {[%emt 0:00:30]} 31. Kxf1 {[%emt 0:00:30]} d4 {[%emt 0:00:00]} 32. Rc4 {[%emt 0:01:30]} Ra2 {[%emt 0:00:00]} 33. Ke2 $18 {[%emt 0:00:00]} 1-0

[Event "Turkey IS Bank Super League 2017"]
[Site "Darica-Kocaeli"]
[Date "2017.08.05"]
[Round "12"]
[White "Ozenir, Ekin Baris"]
[Black "Ozates, Tuna"]
[Result "1-0"]
[WhiteElo "2098"]
[BlackElo "2291"]
[Annotator "NA"]
[PlyCount "57"]
[EventType "team-tourn"]
[EventCountry "TUR"]
[SourceTitle "playchess.com"]
[Source "ChessBase"]
[SourceQuality "1"]
[TimeControl "40/5400+30:1800+30"]

1. d4 {[%emt 0:00:30]} e6 {[%emt 0:01:00]} 2. c4 {[%emt 0:00:30]} Nf6 {[%emt 0:00:30]} 3. Nc3 {[%emt 0:00:30]} Bb4 {[%emt 0:00:30]} 4. e3 {[%emt 0:00:30]} O-O {[%emt 0:00:00]} 5. Bd3 {[%emt 0:00:00]} d5 {[%emt 0:00:00]} 6. Nge2 {[%emt 0:00:00]} c5 {[%emt 0:00:00]} 7. cxd5 {[%emt 0:00:30]} cxd4 {[%emt 0:00:00]} 8. exd4 {[%emt 0:00:00]} Nxd5 {[%emt 0:02:30]} 9. O-O {[%emt 0:04:00]} Nc6 {[%emt 0:00:30]} 10. Nxd5 {[%emt 0:01:30]} Qxd5 {[%emt 0:01:30]} 11. a3 {[%emt 0:01:30]} Ba5 {[%emt 0:20:30]} 12. Qc2 {[%emt 0:02:30] E48: Nimzo-Indian: Rubinstein: 5 Bd3 d5 including 6 Ne2, but excluding 6 a3} (12. Be3 Rd8 13. Qc2 h6 14. Rfd1 Qd6 15. Be4 Bd7 16. d5 exd5 17. Rxd5 Qe7 18. Rad1 Bg4 19. Rxd8+ Bxd8 20. Ra1 {½-½ (20) David,A (2580)-Fedorchuk,S (2650) Cannes 2011}) 12... h6 {[%emt 0:04:30]} 13. Rd1 {[%emt 0:02:30]} Rd8 $146 {[%emt 0:07:30]} ({Predecessor:} 13... Bb6 14. Bh7+ Kh8 15. Be4 Qh5 16. Bf4 Rd8 17. b4 Nxd4 18. Nxd4 Bxd4 19. Qc5 Qd5 20. Qxd5 Rxd5 21. Rac1 Rd8 22. Be5 Bb6 23. a4 a5 24. Rxd8+ Bxd8 25. b5 {½-½ (25) Glembek,B (2115)-Nosek,J (2275) ICCF email 2004}) 14. Bh7+ {[%emt 0:02:30]} Kh8 $1 {[%emt 0:00:30]} 15. Be4 {[%emt 0:01:30]} Qb5 {[%emt 0:15:30]} 16. Bf4 {[%emt 0:07:30]} Bb6 {[%emt 0:15:30] [%clk 0:28] [#]} (16... Qh5 $1 $14) 17. a4 $1 {[%emt 0:25:30]} Qb4 {[%emt 0:04:30]} 18. Bxc6 {[%emt 0:02:30]} bxc6 {[%emt 0:01:30]} 19. a5 {[%emt 0:01:30]} Bxd4 {[%emt 0:11:03]} 20. Ra4 {[%emt 0:01:30]} Bxf2+ {[%emt 0:01:23]} 21. Kxf2 {[%emt 0:00:30]} Qe7 {[%emt 0:00:17]} 22. Rxd8+ {[%emt 0:01:30]} Qxd8 {[%emt 0:00:02]} 23. Rd4 {[%emt 0:05:30]} Qe7 {[%emt 0:05:03]} 24. Qd3 {[%emt 0:01:30]} f5 $18 {[%emt 0:00:42]} 25. Rd8+ {[%emt 0:01:30]} Kh7 {[%emt 0:00:03]} 26. Qd6 {[%emt 0:00:30]} Qf6 {[%emt 0:03:06]} 27. Qf8 {[%emt 0:01:30]} Qxf8 {[%emt 0:01:46]} 28. Rxf8 {[%emt 0:00:30]} Bb7 {[%emt 0:00:00]} 29. a6 {[%emt 0:00:30]} 1-0